Contratos mercantiles

Salvato in:
Dettagli Bibliografici
Autore principale: Sandoval López, Ricardo (Autore)
Natura: Libro
Lingua:spagnolo
Pubblicazione: Santiago Jurídica de Chile 2003
Soggetti:
Tags: Aggiungi Tag
Nessun Tag, puoi essere il primo ad aggiungerne!!

MARC

LEADER 00000nam a2200000 a 4500
001 UCL2518
003 CL-VaPUC
008 031024e20030300CL |||||||||||||||||spa|d
020 |a 9561014491 
020 |a 9561014505v.1 
020 |a 9561014513v.2 
082 0 4 |a 346.8307  |b SAN  |2 21 
100 0 |a Sandoval López, Ricardo  |e author  |9 170 
245 1 0 |a Contratos mercantiles 
300 |a 342 p 
942 |c BK 
945 |d 20031024 00:00:00  |a cmena 
260 |a Santiago  |b Jurídica de Chile  |c 2003 
650 0 |a Derecho comercial   |9 256340 
650 0 |a Contratos  |9 255153 
650 0 |a Comercio marítimo  |9 352895 
650 7 |a COMERCIO TERRESTRE  |2 CL-VaPUC  |9 479626 
650 0 |a Transporte de mercancias  |9 358742 
583 |a last modification  |c 20031024 00:00:00  |k Rodrigo Vera 
999 |c 305818  |d 305816 
952 |0 0  |1 0  |4 0  |6 346_830700000000000_SAN_2003  |7 0  |8 A  |9 370274  |a BIBDER  |b BIBDER  |d 2019-11-21  |h v.1  |i 3956148  |l 1  |o 346.8307 SAN 2003  |p 3956148  |r 2024-06-18  |s 2024-06-18  |w 2019-11-21  |y BK  |k DER 
952 |0 0  |1 0  |4 0  |6 346_830700000000000_SAN_2003  |7 0  |8 A  |9 370275  |a BIBDER  |b BIBDER  |d 2019-11-21  |h v.2  |i 3956156  |l 3  |o 346.8307 SAN 2003  |p 3956156  |r 2024-07-23  |s 2024-07-23  |w 2019-11-21  |y BK  |k DER 
952 |0 0  |1 0  |4 0  |6 346_830700000000000_SAN_2003  |7 0  |8 A  |9 370276  |a BIBDER  |b BIBDER  |d 2019-11-21  |h v.1  |i 395935K  |l 4  |o 346.8307 SAN 2003  |p 395935K  |r 2025-01-20  |s 2024-12-19  |w 2019-11-21  |y BK  |k DER 
952 |0 0  |1 0  |4 0  |6 346_830700000000000_SAN_2003  |7 0  |8 A  |9 370277  |a BIBDER  |b BIBDER  |d 2019-11-21  |h v.2  |i 3959368  |l 2  |o 346.8307 SAN 2003  |p 3959368  |r 2025-01-20  |s 2024-12-19  |w 2019-11-21  |y BK  |k DER